000 00345nam a22001217a 4500
008 170112b xxu||||| |||| 00| 0 eng d
100 _9248
_aMagri, Marzia
245 _aIntroduction to catering
_cMarzia Magris, Cathy Mc Greery and Richard Brighton
260 _aGreat Britain
_bLogman
_c1996
942 _cLIBRO
300 _a275 pp.
942 _2ddc
999 _c5500
_d5500